Statistics for Christmas A-Z

Click here to take the quiz!

General Stats

  • This quiz has been taken 46 times
  • The average score is 22 of 26

Answer Stats

DescriptionAnswer% Correct
JMost famous Christmas birthdayJesus
100%
BTown where J was bornBethlehem
97%
REight (or nine) pull Santa's SReindeer
97%
MMother of JMary
97%
XCommon abbreviation for ChristmasXmas
95%
SDriven by R and loaded with PSleigh
95%
ZWater freezes, and snow falls, at ____ °CZero
92%
UP are found _____ the T on X morningUnder
92%
ECommon holiday drinkEggnog
92%
HPlant with poisonous red berriesHolly
92%
ICountry where J was bornIsrael
89%
LBright, colorful D to put on a TLights
89%
TTall plant with D, G, and O on itTree
87%
NScene depicting M, J, A, etc. in BNativity
87%
YPrecedes log and tideYule
84%
PWrapped with paper and put U the TPresents
84%
COld-fashioned Christmas songCarol
82%
DInflatable Santa, for instanceDecoration
79%
WDonut-shaped D often made of HWreath
79%
QLike the night when J was bornQuiet
76%
OD hung on the branches of the TOrnament
71%
FHoliday adjectiveFestive
71%
GAlso known as tinselGarland
66%
VA means of transport, like Santa's SVehicle
61%
KAfrican holiday around ChristmastimeKwanzaa
53%
AOne of a member of 9 "choirs"Angel
53%

Score Distribution

Percentile by Number Answered

Percent of People with Each Score

Your Score History

You have not taken this quiz